[Event "100 years Romania 2018"]
[Site "Alba Iulia"]
[Date "2018.11.15"]
[Round "5"]
[White "Pop, Alexandru"]
[Black "Fedorov, Alexei"]
[Result "1/2-1/2"]
[WhiteElo "2274"]
[BlackElo "2558"]
[Annotator "TA"]
[PlyCount "100"]
[EventDate "2018.11.12"]
[EventType "swiss"]
[EventCountry "ROU"]
[SourceTitle "playchess.com"]
[Source "ChessBase"]
[SourceQuality "1"]

{[%evp 21,100,48,48,46,56,45,52,-26,0,0,0,-4,0,-5,0,0,0,-16,-12,-18,-10,-6,0,0,0,0,0,0,0,-2,14,0,65,50,77,50,64,27,32,56,56,37,50,55,70,69,118,47,41,28,28,39,37,12,11,11,11,8,31,20,56,12,13,13,13,13,14,0,0,0,0,0,0,0,0,0,0,0,0,-8,0]} 1. d4 Nf6 2. Nf3 d6 3. e3 g6 4. c4 Bg7 5. Nc3 O-O 6. Be2 Nbd7 7. O-O e5 8. b4 Re8 9. Bb2 e4 {E61: King's Indian: Early deviations for White, including Smyslov System} 10. Nd2 Nf8 (10... h5 11. Rc1 Nf8 12. d5 N8h7 13. Re1 Bf5 14. Bf1 Ng4 15. h3 Qh4 16. g3 Qe7 17. hxg4 hxg4 {0-1 (48) Matlakov,M (2689)-Adhiban,B (2674) Berlin 2015}) 11. Qc2 Bf5 {LiveBook: 7 Games. White is slightly better.} 12. Rfc1 h5 13. a4 Ne6 $146 ({Predecessor:} 13... h4 14. h3 N8h7 15. a5 Ng5 16. a6 {½-½ (29) Senk,C-Maag,H Germany 2002}) 14. a5 (14. Nb3 $14) 14... c5 (14... Nxd4 $5 15. exd4 e3 $11) 15. bxc5 {And now Nb3 would win.} ({Don't go for} 15. Ndxe4 $2 cxd4 16. Nxf6+ Bxf6 $19) ({Of course not} 15. Ncxe4 Nxe4 16. Nxe4 Ng5 $17) 15... Nxd4 16. exd4 {[#] Strongly threatening Qb3.} e3 17. Bd3 exd2 18. Qxd2 Bxd3 19. Qxd3 dxc5 20. d5 Ng4 21. Na4 Bxb2 22. Nxb2 Qf6 23. Qd2 Re4 24. f3 Rd4 25. Qe2 Ne5 26. Ra3 g5 (26... Qf4 $11 27. Re3 h4) 27. Re3 $36 {[%mdl 2048] White has good play.} Ng6 $1 {[#]} 28. g3 $1 h4 29. Nd3 hxg3 30. hxg3 b5 31. cxb5 Qd6 32. Kg2 Rxd5 33. Nf2 Rd2 34. Qc4 (34. Qe1 $16) 34... Rd8 35. Qxc5 Qxc5 36. Rxc5 {aiming for Rb3.} Ra2 {Threatens to win with ...Rdd2.} 37. Kf1 ({Weaker is} 37. Rxg5 Rdd2 $17) 37... Rdd2 38. Ng4 Rxa5 39. Rxg5 a6 40. f4 {[%cal Bf3f4,Bf4f5][%mdl 32] Black must now prevent bxa6.} Rxb5 41. Re8+ Kg7 {The position is equal.} 42. Rxb5 axb5 $11 {[%mdl 4096] Endgame KRN-KRN} 43. f5 Nh8 44. Rb8 Rd5 45. Ne3 Re5 46. Kf2 (46. f6+ {is more complex.} Kh7 47. Kf2 Rg5 48. g4 Ng6 49. Rb7) 46... f6 47. Kf3 Nf7 48. Rb6 Ng5+ 49. Ke2 Ne4 50. Re6 Rxe6 {Precision: White = 53%, Black = 62%.} 1/2-1/2

[Event "100 years Romania 2018"]
[Site "Alba Iulia"]
[Date "2018.11.14"]
[Round "5"]
[White "Scripcaru, George-Daniel"]
[Black "Samolins, Vitalijs"]
[Result "1/2-1/2"]
[WhiteElo "2176"]
[BlackElo "2436"]
[Annotator "TA"]
[PlyCount "100"]
[EventDate "2018.11.12"]
[EventType "swiss"]
[EventCountry "ROU"]
[SourceTitle "playchess.com"]
[Source "ChessBase"]
[SourceQuality "1"]

{[%evp 17,100,-5,0,2,15,13,50,46,125,112,119,119,124,124,129,124,124,123,122,115,119,97,82,73,70,49,43,0,0,0,5,-87,-93,-174,-183,-185,-109,-116,-82,-89,0,-118,-102,-81,-89,-97,-102,-87,-102,-188,-77,-128,-9,-9,95,94,95,28,27,28,48,48,46,37,39,38,39,40,40,14,14,14,28,28,28,28,28,14,14,14,14,0,14,0,14]} 1. Nf3 Nf6 2. g3 b5 3. Bg2 Bb7 4. O-O e6 5. d3 c5 6. e4 d6 7. a4 a6 {A05: Réti Opening: 1 Nf3 Nf6} (7... b4 8. Nbd2 Nc6 9. Nc4 Qc7 10. Re1 Be7 11. a5 Rd8 12. a6 Ba8 13. Bf4 O-O 14. e5 dxe5 15. Nfxe5 Qc8 16. Nxc6 Bxc6 17. Bxc6 Qxc6 {0-1 (53) Naiditsch,A (2705)-Fedorchuk,S (2648) Riadh 2017}) 8. Nc3 b4 9. Nb1 Nc6 {LiveBook: 3 Games} 10. Nbd2 d5 $146 ({Predecessor:} 10... Be7 11. Re1 O-O 12. Nf1 d5 13. e5 Nd7 14. h4 Rc8 {0-1 (85) House,G (2203)-Eggleston,D (2343) Brighton 2013}) 11. exd5 exd5 12. Nh4 Qd7 ({Black should play} 12... Bc8 $14) 13. Nb3 $16 Be7 14. Be3 d4 15. Bg5 O-O 16. Bxf6 Bxf6 17. Nxc5 Qe7 18. Nxb7 Qxb7 19. Nf5 {Strongly threatening Qf3.} Qc7 20. Re1 Rac8 21. Re4 g6 22. Nh6+ Kh8 $1 23. Qd2 Qa5 24. h4 (24. Qe1 $11) 24... Bg7 $17 25. g4 (25. Qf4 $17 Qc7 26. Qg5) 25... b3 $1 $19 26. Qf4 bxc2 (26... f5 $19 27. Re2 Ne5 28. cxb3 fxg4) 27. Nxf7+ $17 Kg8 28. Nh6+ Kh8 29. Nf7+ {[#]} Rxf7 $1 {[%mdl 512]} 30. Qxf7 {White threatens Re8+ and mate.} Ne5 31. Qe6 c1=Q+ 32. Rxc1 Rxc1+ 33. Bf1 {[#]} (33. Kh2 $17 {keeps fighting.} h6 34. Qe8+ Kh7 35. h5 Nxg4+ 36. Rxg4 Qxh5+ 37. Kg3) 33... h5 (33... Qxa4 34. Rxe5 Bxe5 35. Qxe5+ Kg8 36. Qb8+ Kg7 37. Qb7+ Kg8 38. Qb8+ Kg7 39. Qa7+ Kf6 40. Qxh7 $11) (33... Nf3+ 34. Kg2 $15) (33... h6 $1 $19 {has better winning chances.} 34. Kg2 Qxa4) 34. Kg2 hxg4 (34... Nxg4 $17 35. Qxg6 Rc8) 35. h5 $1 $11 {[%cal Rh5h6] Threatens to win with h6.} Qc5 ({Don't play} 35... Qxa4 36. h6 $14) (35... Kh7 $11 {remains equal.} 36. Rxg4 Qd2 37. hxg6+ Kh6 38. Rh4+ Kg5 39. Qe7+ (39. Rh7 $2 Qd1 $19) 39... Kxg6 40. Qe6+ Bf6 41. Qg8+ Kf5 42. Rh5+ Bg5) 36. h6 $1 $16 Bxh6 {...Bg7 is the strong threat.} 37. Qxe5+ ({Better is} 37. b4 $16 Qxb4 38. Qxe5+ Kh7 39. Qf6) 37... Qxe5 $11 38. Rxe5 $16 {[%mdl 4096] Endgame KRB-KRB} Rc2 39. Re2 Rd2 40. Rxd2 Bxd2 $14 {KB-KB} 41. Be2 Kg7 42. Bxg4 Kf6 43. Bc8 a5 44. Kf3 Ke5 45. Ke2 Bb4 46. f3 g5 47. b3 Kf4 {The position is equal.} 48. Bd7 Bc3 49. Bc8 Bb4 50. Bd7 Bc3 {Precision: White = 55%, Black = 53%.} 1/2-1/2

[Event "100 years Romania 2018"]
[Site "Alba Iulia"]
[Date "2018.11.15"]
[Round "6"]
[White "Fedorov, Alexei"]
[Black "Ciorgovean, Iustin"]
[Result "1-0"]
[WhiteElo "2558"]
[BlackElo "2201"]
[Annotator "TA"]
[PlyCount "49"]
[EventDate "2018.11.12"]
[EventType "swiss"]
[EventCountry "ROU"]
[SourceTitle "playchess.com"]
[Source "ChessBase"]
[SourceQuality "1"]

{[%evp 11,49,26,15,4,18,4,26,-22,18,27,10,10,12,18,16,14,48,43,136,124,111,120,146,144,138,146,137,134,131,131,157,150,252,260,268,256,262,270,388,385]} 1. e4 c5 2. Nf3 d6 3. d4 cxd4 4. Nxd4 Nf6 5. Nc3 a6 6. g3 e5 7. Nf3 {B91: Sicilian Najdorf: 6 g3} (7. Nb3 Be7 8. Bg2 O-O 9. a4 Nc6 10. O-O Nb4 11. a5 Be6 12. Bg5 h6 13. Bxf6 Bxf6 14. Ra4 Nc6 15. Nd5 Rc8 16. c3 g6 17. Nxf6+ Qxf6 18. Qxd6 {½-½ (68) Duda,J (2737)-Grischuk,A (2766) chess.com INT 2018}) 7... Be7 8. Nh4 g6 9. h3 {White has an edge.} Be6 10. Bg2 O-O 11. O-O Nbd7 12. Bh6 $146 ({Predecessor:} 12. Bg5 b5 13. a3 Rc8 14. Qc1 Re8 {0-1 (32) Pyatin,A (2175)-Gurvich,V (2315) St Petersburg 2015}) 12... Re8 13. Qd2 Rc8 {[#]} 14. Nf5 $1 {[%mdl 512]} Nb6 (14... Bxf5 $14 15. exf5 Qb6) 15. Ng7 $16 Nc4 16. Qc1 b5 17. Nxe8 Qxe8 18. a4 b4 19. Nd5 Bxd5 20. exd5 Nd7 21. b3 Na5 (21... Na3 $16 {might work better.}) 22. Qe1 $18 Rc3 23. Rc1 Qc8 24. Bd2 Rxc2 {[#]} (24... Rc7 {is a better defense.} 25. Bxb4 Nb7) 25. Qe4 $1 {Precision: White = 79%, Black = 24%.} 1-0

[Event "100 years Romania 2018"]
[Site "Alba Iulia"]
[Date "2018.11.15"]
[Round "6"]
[White "Levin, Evgeny A."]
[Black "Omelja, Artem"]
[Result "1/2-1/2"]
[WhiteElo "2523"]
[BlackElo "2453"]
[Annotator "TA"]
[PlyCount "41"]
[EventDate "2018.11.12"]
[EventType "swiss"]
[EventCountry "ROU"]
[SourceTitle "playchess.com"]
[Source "ChessBase"]
[SourceQuality "1"]

{[%evp 24,41,30,22,22,20,31,29,33,22,29,26,29,24,32,28,31,28,32,18]} 1. d4 d5 2. c4 e6 3. Nc3 Be7 4. Nf3 Nf6 5. Bg5 {[%cal Bc1g5,Bg5h4,Bh4g3,Bg3e5,Be5d4][%mdl 32]} h6 6. Bh4 O-O 7. e3 Nbd7 8. Rc1 c5 {D63: Queen's Gambit Declined: Classical: 7 Rc1} 9. dxc5 Nxc5 10. cxd5 g5 11. Bg3 Nxd5 12. Nxd5 Qxd5 13. Qxd5 {LiveBook: 13 Games} exd5 14. Be2 (14. Nd4 Bd7 15. Be2 Rac8 16. O-O {½-½ (31) Ivanchuk,V (2710)-Yu,Y (2765) Batumi 2018}) 14... Bd7 15. O-O Rac8 16. Be5 {[#]} Ne4 $146 17. Bd4 a6 18. Ne5 Rxc1 19. Rxc1 Rc8 20. Rxc8+ Bxc8 21. f3 1/2-1/2

[Event "100 years Romania 2018"]
[Site "Alba Iulia"]
[Date "2018.11.15"]
[Round "6"]
[White "Moiseenko, Vadim"]
[Black "Manolache, Marius"]
[Result "1/2-1/2"]
[WhiteElo "2491"]
[BlackElo "2518"]
[Annotator "TA"]
[PlyCount "108"]
[EventDate "2018.11.12"]
[EventType "swiss"]
[EventCountry "ROU"]
[SourceTitle "playchess.com"]
[Source "ChessBase"]
[SourceQuality "1"]

{[%evp 24,108,35,37,33,35,43,43,37,44,47,57,62,65,80,80,111,122,118,108,121,121,122,102,102,88,109,102,176,178,296,296,296,293,295,291,286,281,260,178,164,123,125,136,163,124,127,71,79,79,61,0,0,0,0,0,0,0,0,0,0,0,0,0,0,-14,0,0,0,0,0,0,0,0,0,0,-1,-25,0,-76,0,-20,0,-31,0,-7,0]} 1. d4 Nf6 2. Nf3 d6 3. Bf4 Nbd7 4. e3 g6 5. h3 Bg7 6. Be2 O-O 7. O-O c5 8. Nbd2 b6 9. a4 a6 10. Bh2 Bb7 11. c3 Rc8 12. Re1 {A48: 1 d4 Nf6 2 Nf3 g6: Torre, London and Colle Systems} (12. Bd3 e5 13. dxe5 Nxe5 14. Nxe5 dxe5 15. Qe2 Qd6 16. Rfd1 Qc6 17. e4 Bh6 18. Nc4 Bf4 19. g3 Bh6 20. Nxe5 {½-½ (45) Banusz,T (2616)-Puranik,A (2459) Zalakaros 2017}) 12... Rc7 13. Bd3 {LiveBook: 4 Games} cxd4 14. exd4 {White is slightly better.} Nd5 15. Qb3 a5 $146 ({Predecessor:} 15... Bh6 16. Bxa6 Bxa6 17. Qxd5 Bb7 18. Qb3 Re8 19. Ne4 Qa8 {½-½ (30) Jugelt,T (2418)-Malek,D (2411) Luebeck 2016}) 16. Rad1 N7f6 17. Nc4 Bc6 18. Na3 (18. Nxb6 $2 Qb8 $19) 18... Qc8 19. Bf1 Bh6 20. c4 Nb4 21. d5 $1 {[%cal Rd5c6]} Bb7 22. Nd4 Rd7 23. Nac2 Nxc2 24. Qxc2 Qc5 25. b3 Rc7 (25... Rc8 $16 {was worth a try.}) 26. Nb5 $18 Nxd5 (26... Bxd5 $142 27. Qb2 (27. Rxd5 Nxd5 28. Nxc7 Nxc7 $14) (27. Nxc7 Qxc7 28. Qb2 Be6 $18) 27... Be6) 27. Qe2 ({But not} 27. Nxc7 $6 Nxc7 28. Rxe7 Rd8 $18) 27... Nf4 28. Bxf4 $1 Bxf4 29. Nxc7 Qxc7 30. Qxe7 Qc6 31. Qh4 Be5 32. Re3 Kg7 33. Kh1 Re8 34. Rde1 h5 35. f4 (35. R3e2 $142) 35... Bf6 $16 {[#]} 36. Qg3 $1 h4 37. Qg4 (37. Qf3 $1 $14 Qxf3 38. gxf3 Rxe3 39. Rxe3) 37... Rxe3 $11 38. Rxe3 Qc5 $1 {[%cal Rc5e3]} 39. Re1 Qf2 {( -> ...Bd4)} 40. Rd1 Be4 41. Be2 $1 Qe3 42. Rf1 ({Don't blunder} 42. Rxd6 $2 Be7 $19) 42... Bd4 {Threatens to win with ...f5.} 43. f5 Bxf5 $40 {[%mdl 128] Black attacks.} 44. Qxh4 Be5 45. Qf2 Qxb3 46. Bg4 Qxa4 47. Bxf5 gxf5 {[%mdl 4096] Endgame KQR-KQB} 48. Qe2 f4 49. Qd3 Qc6 50. Rb1 Qc5 51. Qb3 {[#]} (51. Qf5 $11) 51... Bd4 ({Black should try} 51... Qe3 $1 $17 {White should prevent ...a4!} 52. Qd1 Kf6) 52. Qd3 Be5 53. Qb3 Bd4 (53... Qe3 $5 {[%cal Ra5a4]}) 54. Qd3 Be5 {Precision: White = 59%, Black = 57%.} 1/2-1/2

[Event "100 years Romania 2018"]
[Site "Alba Iulia"]
[Date "2018.11.15"]
[Round "6"]
[White "Harutjunyan, Gevorg"]
[Black "Petrisor, Adrian-Marian"]
[Result "1/2-1/2"]
[WhiteElo "2470"]
[BlackElo "2425"]
[Annotator "TA"]
[PlyCount "37"]
[EventDate "2018.11.12"]
[EventType "swiss"]
[EventCountry "ROU"]
[SourceTitle "playchess.com"]
[Source "ChessBase"]
[SourceQuality "1"]

{[%evp 27,37,0,0,0,0,0,0,0,0,0,0,0]} 1. Nf3 Nf6 2. g3 g6 3. b3 Bg7 4. Bb2 O-O 5. Bg2 d6 6. d4 c5 7. c4 cxd4 8. Nxd4 d5 9. O-O dxc4 10. Na3 {A49: 1 d4 Nf6 2 Nf3 g6 3 g3: Anti-King's Indian systems} cxb3 11. Qxb3 e5 12. Bxb7 Bxb7 13. Qxb7 Qd5 14. Qxd5 Nxd5 {LiveBook: 3 Games. The position is equal.} 15. Ndb5 Nc6 16. Rfd1 Rfd8 {[#]} 17. Nc4 $146 ({Predecessor:} 17. Rac1 Ndb4 18. Rxd8+ Rxd8 19. Nc4 Nxa2 20. Ra1 Nab4 21. Nxa7 Ra8 22. Nxc6 Rxa1+ 23. Bxa1 Nxc6 {½-½ (23) Banusz,T (2612)-Predojevic,B (2624) Valjevo 2018}) 17... Rab8 18. a4 a6 19. Nc3 1/2-1/2

[Event "100 years Romania 2018"]
[Site "Alba Iulia"]
[Date "2018.11.15"]
[Round "6"]
[White "Shishkin, Vadim"]
[Black "Tilicheev, Viacheslav"]
[Result "1/2-1/2"]
[WhiteElo "2456"]
[BlackElo "2509"]
[Annotator "TA"]
[PlyCount "128"]
[EventDate "2018.11.12"]
[EventType "swiss"]
[EventCountry "ROU"]
[SourceTitle "playchess.com"]
[Source "ChessBase"]
[SourceQuality "1"]

{[%evp 19,128,37,52,40,45,37,56,58,37,49,39,53,54,57,52,70,116,135,140,125,137,127,132,120,137,137,137,140,103,93,111,66,99,30,36,29,219,218,214,215,202,183,277,274,207,179,309,307,272,307,865,844,6435,-39,-39,-134,-134,-134,-134,-134,-134,-134,-134,-134,-134,-134,-127,-134,-134,-134,-102,-134,-127,-127,-127,-127,-127,-127,-127,-134,-134,-134,-134,-134,-134,-134,-106,-134,-98,-98,-72,-106,-72,-72,-72,-106,-92,-106,-106,-106,-106,-106,-30,-106,-106,-155,-155,-155,-155,-155,0]} 1. d4 Nf6 2. c4 c5 3. d5 e6 4. Nc3 exd5 5. cxd5 d6 6. Nf3 g6 7. Bf4 {[%cal Bc1f4,Bf4d6,Bd6e5][%mdl 32]} Bg7 8. Qa4+ Bd7 9. Qb3 b5 10. Bxd6 Qb6 11. Be5 $1 {A61: Modern Benoni: Nf3 without early e4} O-O 12. e3 {[%cal Rc3b5]} b4 13. Nb1 $1 {[%cal Bc3b1,Bb1d2,Bd2c4,Bc4e5,Be5c6][%mdl 32] White is slightly better.} Bf5 14. Nbd2 Nbd7 15. Nc4 (15. Bg3 a5 16. Nc4 a4 17. Qd1 Qb7 18. Nd6 Qxd5 {0-1 (51) Cori Tello,J (2659)-Flores,D (2614) Montevideo 2018}) 15... Qd8 $1 16. Rd1 $36 {[%mdl 2048] White has good play.} Be4 17. d6 Nxe5 18. Ncxe5 Bxf3 19. gxf3 {Hoping for Bc4.} Nd7 $146 20. Nc6 Qf6 {[%mdl 64] Double Attack} 21. f4 Qxb2 22. Ne7+ Kh8 {And now ...Bc3+ would win.} 23. Qxb2 Bxb2 24. Bb5 Nb6 25. Ke2 Kg7 26. d7 ({White should try} 26. e4 $16) 26... Rfd8 $11 27. Rd6 {Threatens to win with Rhd1.} a6 $2 (27... Kf8 $1 $11 {and Black has nothing to worry.} 28. Nd5 Rab8 29. Nxb6 Rxb6 30. Rxb6 axb6) 28. Rxb6 $18 ({Stronger than} 28. Bc6 Ra7 $11) 28... axb5 29. Rd1 Rxa2 30. Nc6 $1 {[%cal Rc6d8]} Bf6+ (30... Bd4+ $142 31. Kf3 Rxd7) 31. Kf3 Rda8 32. Rxb5 Bh4 (32... Bd8 $142 33. Rxc5 Bb6) 33. Kg4 ({Less strong is} 33. Rxc5 Rxf2+ 34. Ke4 f5+ 35. Ke5 Ra3 $16) 33... Bd8 34. Rxc5 b3 $2 (34... Bb6) 35. Nxd8 b2 36. Nc6 $2 (36. Rc8 $18 {White threatens Ne6+! and mate.} R2a7 37. Ne6+ $1 {[%mdl 576] Clearance, Promotion} fxe6 38. d8=Q Rxc8 39. Qxc8 h5+ 40. Kf3) 36... Ra1 $15 37. d8=Q (37. Rcd5 $15 Rc1 38. d8=Q Rxd8 39. Rxd8) 37... Rxd8 $17 38. Nxd8 {Black must now prevent Rcd5.} Rxd1 {[%mdl 4096] Endgame KRN-KR} 39. Rb5 b1=Q 40. Rxb1 Rxb1 {KR-KN} 41. Nc6 Rg1+ 42. Kf3 Kh6 43. Nd4 Kh5 44. Ne2 Re1 45. Nd4 f5 46. Kg2 Kh6 47. Nf3 Ra1 48. Ng5 Kg7 49. h3 Ra7 50. Kg3 Kf6 51. h4 Rg7 52. Kg2 Ke7 53. Nf3 Kd6 54. Nd4 Kd5 55. Ne2 Ke4 56. Ng3+ {[#]} Kd3 $1 57. Kf3 Ra7 58. Kg2 h5 59. Kg1 Ra1+ 60. Kg2 Kd2 (60... Rb1 $17 61. Nf1 Re1) 61. Nf1+ (61. e4 $1 $11) 61... Ke1 {aiming for ...Ra2.} 62. Ng3 Ra2 {Black is clearly better.} 63. Nh1 Rb2 64. Kg1 Ra2 $2 {Accuracy: White = 69%, Black = 48%.} (64... Ke2 $17 65. Kg2 Ke1) 1/2-1/2

[Event "100 years Romania 2018"]
[Site "Alba Iulia"]
[Date "2018.11.15"]
[Round "6"]
[White "Samolins, Vitalijs"]
[Black "Pop, Alexandru"]
[Result "1/2-1/2"]
[WhiteElo "2436"]
[BlackElo "2274"]
[Annotator "TA"]
[PlyCount "141"]
[EventDate "2018.11.12"]
[EventType "swiss"]
[EventCountry "ROU"]
[SourceTitle "playchess.com"]
[Source "ChessBase"]
[SourceQuality "1"]

{[%evp 20,141,-28,-41,0,0,22,20,21,3,2,8,7,-8,0,0,0,0,0,0,0,0,0,0,0,0,0,0,0,0,14,0,32,32,35,12,32,33,65,47,65,65,70,54,93,93,91,69,118,118,154,154,154,154,154,154,154,154,154,154,154,154,154,154,161,154,154,123,154,154,161,161,190,190,190,190,190,190,190,190,190,190,190,190,190,190,190,190,190,190,254,200,193,193,193,193,193,175,246,254,254,64,64,64,64,64,64,64,64,64,64,64,64,64,64,0,0,0,0,0,0,0,0,0]} 1. e4 {[%cal Be2e4,Be4e5][%mdl 32]} e6 2. d4 d5 3. Nd2 Nf6 4. e5 Nfd7 5. Bd3 c5 6. c3 b6 7. Qe2 Nc6 {C06: French Tarrasch: 3...Nf6 4 e5 Nfd7 5 Bd3 main lines} 8. Ndf3 cxd4 9. cxd4 Nb4 10. Bb1 Ba6 11. Qd1 {LiveBook: 4 Games} Rc8 12. a3 Nc6 {[%cal Bb4c6,Bc6a5,Ba5b3][%mdl 32]} (12... Qc7 {is interesting.} 13. axb4 Qxc1 14. Qxc1 Rxc1+ 15. Kd2 Rf1) 13. Ne2 {[#]} Na5 $146 ({Predecessor:} 13... Bxe2 14. Kxe2 f6 15. exf6 Nxf6 {0-1 (34) Salgado Lopez,I (2622)-Socko,B (2617) Wroclaw 2014}) 14. Bd3 Bxd3 15. Qxd3 Qc7 16. b3 {[%cal Bb2b3,Bb3b4][%mdl 32]} Qc2 17. Qxc2 Rxc2 18. b4 Nb3 19. Rb1 Nxc1 20. Rxc1 Rxc1+ 21. Nxc1 Be7 22. Nd3 Kd8 23. a4 Kc7 24. Ke2 Kb7 25. Rc1 Rc8 (25... a6 {keeps more tension.} 26. h4 h6 27. Ke3 Ra8 28. g4 b5) 26. Rxc8 Kxc8 $14 {[%mdl 4096] Endgame KBN-KNN} 27. Nd2 Kb7 28. b5 a5 29. g4 Kc8 30. f4 {[%cal Bf2f4,Bf4f5,Bf5f6][%mdl 32]} Nf8 31. Nf3 Kd7 32. f5 h6 33. h3 {[%cal Bh2h3,Bh3h4][%mdl 32]} g6 34. f6 Ba3 35. Nfe1 Nh7 36. Nc2 Bf8 37. h4 Ke8 38. Ke3 Kd7 39. Nc1 Ke8 40. Kd3 Kd7 41. Ne2 Kc7 42. Nc3 Kb7 43. Ne3 Bb4 44. Ne2 g5 45. h5 Be1 46. Nc2 Bf2 47. Nc1 Kc7 48. Ke2 Bg3 49. Nd3 Kd7 50. Na1 Bf4 51. Nb3 Kd8 52. Kf3 Bh2 53. Nbc1 Bf4 54. Ne2 Bd2 (54... Ke8 {was called for.} 55. Ndxf4 (55. Nexf4 gxf4 56. Kxf4 Ng5 $18) 55... gxf4) 55. Ng1 $18 Kd7 56. Nh3 Ke8 57. Ke2 Bf4 58. Kf2 Kd7 (58... Nxf6 $142 59. exf6 Bc7) 59. Ndxf4 gxf4 {KN-KN} 60. g5 $2 {[#]} (60. Nxf4 $18 {Black must now prevent Ng6.} Ng5 61. Kg2) 60... hxg5 $14 61. Kf3 Ke8 62. Nf2 {[%mdl 1024] White has compensation.} Kf8 63. Ng4 Ke8 64. Nh6 Kf8 65. Kg4 Ke8 66. Ng8 Kd8 67. Ne7 (67. Kh3 $1 $14) 67... Kd7 $11 {The position is equal.} 68. Nc6 Kc7 69. Ne7 Kd7 70. Ng6 Ke8 71. Ne7 {Precision: White = 71%, Black = 60%.} 1/2-1/2

[Event "100 years Romania 2018"]
[Site "Alba Iulia"]
[Date "2018.11.15"]
[Round "6"]
[White "Filip, Lucian-Ioan"]
[Black "Visakh N R"]
[Result "1/2-1/2"]
[WhiteElo "2432"]
[BlackElo "2489"]
[Annotator "TA"]
[PlyCount "54"]
[EventDate "2018.11.12"]
[EventType "swiss"]
[EventCountry "ROU"]
[SourceTitle "playchess.com"]
[Source "ChessBase"]
[SourceQuality "1"]

{[%evp 12,54,23,24,24,12,14,13,22,8,13,17,15,11,15,15,20,10,9,14,0,0,0,0,0,0,0,0,0,0,92,82,86,87,95,89,79,79,81,52,48,23,126,130,136]} 1. d4 Nf6 2. c4 e6 3. Nf3 Bb4+ 4. Bd2 c5 5. Bxb4 cxb4 6. Nbd2 O-O 7. e3 d6 {E11: Bogo-Indian} 8. Qc2 b6 9. Bd3 Bb7 {The position is equal.} 10. Ne4 Nxe4 11. Bxe4 Bxe4 12. Qxe4 Nd7 13. O-O Rc8 {[#]} 14. Nd2 $146 ({Predecessor:} 14. Qd3 Qc7 15. Nd2 {½-½ (42) Fressinet,L (2700)-Akopian,V (2681) Porto Carras 2011}) 14... d5 15. cxd5 Nf6 {[%mdl 64] [#] Double Attack} 16. Qf3 exd5 17. Rfc1 Qd7 18. Qd1 g6 19. Nf3 {[%cal Bd2f3,Bf3e5,Be5c6][%mdl 32]} Kg7 20. Ne5 Qf5 {[#]} (20... Qb7 $11 {keeps the balance.}) 21. Nc6 $1 $16 Rc7 22. Nxb4 Rfc8 23. Rxc7 Rxc7 24. Nd3 h5 25. f3 h4 26. Rc1 Re7 (26... Rxc1 $11 {remains equal.} 27. Nxc1 Qb1) 27. Ne5 Ne8 {Accuracy: White = 57%, Black = 80%.} 1/2-1/2

[Event "100 years Romania 2018"]
[Site "Alba Iulia"]
[Date "2018.11.15"]
[Round "6"]
[White "Macovei, Andrei"]
[Black "Svetushkin, Dmitry"]
[Result "1-0"]
[WhiteElo "2369"]
[BlackElo "2605"]
[Annotator "TA"]
[PlyCount "115"]
[EventDate "2018.11.12"]
[EventType "swiss"]
[EventCountry "ROU"]
[SourceTitle "playchess.com"]
[Source "ChessBase"]
[SourceQuality "1"]

{[%evp 9,115,10,16,10,21,12,21,21,25,19,19,17,20,12,21,16,32,28,29,28,35,15,25,22,23,28,32,30,31,19,26,23,23,7,69,64,75,40,76,0,45,37,60,54,128,72,71,68,54,57,94,95,73,106,120,120,227,60,48,49,147,149,139,70,75,66,59,53,69,69,68,16,44,48,57,53,36,19,24,18,16,12,14,14,12,20,10,12,12,13,18,12,22,13,14,17,215,214,214,210,210,206,195,181,29969,29966,29964,29963]} 1. e4 e5 2. Nf3 Nc6 3. Bb5 Nf6 4. d3 Bc5 5. c3 O-O 6. O-O {C65: Ruy Lopez: Berlin Defence (3...Nf6), unusual lines and 4 0-0 Bc5} Re8 (6... d5 7. Nbd2 dxe4 8. dxe4 a5 9. Bxc6 bxc6 10. Nxe5 Re8 11. Nb3 Qxd1 12. Rxd1 Bb6 13. Nc4 Nxe4 14. Nxb6 cxb6 {½-½ (43) Sethuraman,S (2673)-Giri,A (2780) Douglas 2018}) 7. Nbd2 a6 8. Bxc6 {The position is equal.} dxc6 9. b4 Bd6 10. Nc4 Bg4 $146 ({Predecessor:} 10... Nd7 11. a4 Nf8 12. Be3 f6 13. Qc2 Ng6 {1-0 (36) Nadeev,S (2415)-Ehrbar,T (2334) ICCF email 2014}) 11. h3 Bxf3 12. Qxf3 Nd7 13. Be3 c5 14. a3 Qe7 15. Rab1 b5 16. Na5 cxb4 17. Nc6 Qe6 18. cxb4 Bc5 {...Bxe3 is the strong threat.} 19. Rfc1 Qxc6 20. Bxc5 Re6 21. Qe2 a5 (21... Qb7 $11) 22. Be3 $14 Qd6 23. Qc2 c6 24. Qc3 (24. a4 $1 $16) 24... axb4 25. axb4 Qb8 26. Ra1 Ra4 (26... h6 $14) 27. Qb3 (27. Rxa4 $142 $1 bxa4 28. Ra1) 27... Ra8 $16 28. Rxa8 Qxa8 29. Qc3 Nf8 30. Ra1 Qc8 31. Ra7 h6 32. Qb3 {Strongly threatening Qa2.} Qd8 (32... g5 $16 {keeps fighting.} 33. Qa2 Kg7) 33. Qa3 $2 (33. Qa2 $1 $18) 33... Re8 $1 $14 34. Qa6 Qxd3 ({Black should play} 34... Qc8 $1 $14) 35. Qxc6 $16 Rd8 36. Kh2 ({White should try} 36. Bb6 $16 Qd6 37. Qxb5) 36... Ne6 $14 37. Qb7 Rf8 38. Qd5 Qxd5 $1 39. exd5 {[%mdl 4096] Endgame KRB-KRN} Nd4 40. Re7 ({Better is} 40. Rc7 $14) 40... Rd8 41. Rxe5 f6 42. Rh5 Nc2 43. Bc5 g5 44. h4 Kg7 45. hxg5 hxg5 46. d6 {Threatens to win with Rh3.} Na3 $1 47. Rh3 Nc4 48. Rd3 Kf7 49. Rd1 Ke6 50. Ra1 Kd5 51. Kg3 Nxd6 52. Kg4 Ke6 $2 {[#]} (52... f5+ $1 $11 {and Black has nothing to worry.} 53. Kxg5 Rg8+ 54. Kf4 Rg4+ 55. Kf3 Ne4) 53. Ra6 $1 $18 Ke5 54. Bxd6+ Rxd6 55. Rxd6 Kxd6 56. Kf5 Ke7 $2 (56... g4 $18) 57. f3 Kf7 {[#]} 58. g3 $1 {Precision: White = 56%, Black = 42%.} 1-0